Ramification theoretic methods in algebraic geometry
Αποθηκεύτηκε σε:
| Κύριος συγγραφέας: | |
|---|---|
| Μορφή: | Βιβλίο |
| Γλώσσα: | English |
| Δημοσίευση: |
Princeton :
Princeton University Press,
1959
|
| Σειρά: | Annals of mathematics studies ;
; 43 |
| Θέματα: | |
| Ετικέτες: |
Προσθήκη ετικέτας
Δεν υπάρχουν, Καταχωρήστε ετικέτα πρώτοι!
|
MARC
| LEADER | 00000nam a2200000 i 4500 | ||
|---|---|---|---|
| 001 | 1/80133 | ||
| 008 | 080403s1959 eng d | ||
| 020 | |a 0-691-08023-2 | ||
| 035 | |l 10096137 | ||
| 040 | |a GR-MY-UA |b gre |e aacr | ||
| 041 | 0 | |a eng | |
| 082 | 0 | |a 516.35 |2 (22) | |
| 100 | 1 | |a Abhyankar, Shreeram Shankar. | |
| 245 | 1 | 0 | |a Ramification theoretic methods in algebraic geometry / |c by Shreeram Abhyankar |
| 260 | |a Princeton : |b Princeton University Press, |c 1959 | ||
| 300 | |a 96 σ.; |c 26 εκ. | ||
| 490 | 1 | |a Annals of mathematics studies |v ; 43 | |
| 504 | |a Περιέχει βιβλιογραφία | ||
| 650 | 0 | 0 | |a Algebraic fields. |
| 650 | 0 | 0 | |a Geometry, Algebraic. |
| 830 | 0 | |a Annals of mathematics studies ; |v ; 43 | |
| 852 | |a INST |b SAMOS |e 20080403 |h 516.35 ABH |p 005300026616 |q 005300026616 |t BK |y 0 | ||
| 901 | |a BIBL3-2008-1 | ||
| 909 | |a Σ |b 142426 | ||
| 922 | |a 3ΕΛΗ |b 200712 |c ΕΠΕΑΕΚ2/ΤΜΗΜΑ ΜΑΘΗΜΑΤΙΚΩΝ |d ΕΛΕΥΘΕΡΟΥΔΑΚΗΣ | ||
| 970 | |a ΡΟΥΣΣΟΥ |b ΚΩΝΣΤΑΝΤΙΝΑ |z 2008/04/03 | ||